[Event "Nicolosi Etna op 1st"]
[Site "Nicolosi"]
[Date "2014.12.05"]
[Round "1"]
[White "Tirenna, Francesco"]
[Black "Terwagne, Bertrand"]
[Result "0-1"]
[WhiteElo "1422"]
[BlackElo "1865"]
[PlyCount "68"]
[EventDate "2014.12.05"]
[EventType "swiss"]
[EventRounds "7"]
[EventCountry "ITA"]
[SourceTitle "CBM 163 Extra"]
[Source "ChessBase"]
[SourceDate "2014.12.23"]
[SourceVersion "1"]
[SourceVersionDate "2014.12.23"]
[SourceQuality "1"]

1. d4 Nf6 2. Bf4 d5 3. e3 e6 4. Bd3 c5 5. c3 Nc6 6. Nd2 Be7 7. Ngf3 Nh5 8. Bg3 Nxg3 9. hxg3 h6 10. 0-0 Qc7 11. Re1 Bd7 12. e4 0-0-0 13. exd5 exd5 14. Bb5 f6 15. Qc2 a6 16. Bd3 Bd6 17. dxc5 Bxc5 18. Nb3 Bb6 19. Rac1 Kb8 20. Bg6 Qxg3 21. Bf5 Bxf5 22. Qxf5 Bxf2+ 23. Kf1 Bxe1 24. Rxe1 Rhe8 25. Re6 Rxe6 26. Qxe6 Qd6 27. Qf7 Qe7 28. Qg6 Re8 29. Nc5 Qe2+ 30. Kg1 Re7 31. Qg3+ Ka8 32. Qd6 g5 33. Nd4 Qe1+ 34. Kh2 Qh4+ 0-1